000 01018nam a22002775i 4500
001 156990
003 ES-MaACL
005 20250817004349.0
008 940202s1903 sp |||| | spa d
040 _aCAM
_bspa
100 1 _aLanchetas, Rufino.
_9128650
245 1 0 _aGramática y vocabulario de las obras de Gonzalo de Berceo /
_cpor Rufino Lanchetas.
260 _aMadrid :
_b[s.n.],
_c1900 (
_fEst. Tipográfico Sucesores de Rivadeneyra)
300 _a1042 p. ;
_c28 cm.
500 _aEn port.:"Obra premiada por la Real Academia Española é impresa a sus expensas"
596 1 _aFecha en colofón , 1903.
597 1 _aAntep.
600 0 4 _aGonzalo de Berceo-
_xVocabulario.
_9127391
600 0 4 _aGonzalo de Berceo-
_xLenguaje.
_9127390
650 4 _aEscritores castellanos-
_yS.XIII.
_9136020
710 2 _aSucesores de Rivadeneyra (Madrid)
_9134822
752 _aEspaña -
_dMadrid
852 _aES-MaACL
_jF-2201
_z-- Enc. pasta española
942 _2udc
999 _c156990
_d156990